Eric : (Record no. 20460)

MARC details
000 -CABECERA
campo de control de longitud fija 00714nam a2200205 a 4500
005 - FECHA Y HORA DE LA ÚLTIMA TRANSACCIÓN
campo de control 20231025063710.0
008 - ELEMENTOS DE LONGITUD FIJA--INFORMACIÓN GENERAL
campo de control de longitud fija 991125s1991 bos 000 0 eng u
035 ## - NÚMERO DE CONTROL DEL SISTEMA
Número de control de sistema UPN01000020460
049 ## - COLECCIÓN
Colección C
050 #4 - SIGNATURA TOPOGRÁFICA DE LA BIBLIOTECA DEL CONGRESO
Número de clasificación L10 E75
Número de documento/Ítem 1991
245 00 - MENCIÓN DE TÍTULO
Título Eric :
Resto del título 1982-June 1991 /
Mención de responsabilidad, etc. Current index to Journals in Education Resources in Education. -- 1982-1991
260 ## - PUBLICACIÓN, DISTRIBUCIÓN, ETC.
Lugar de publicación, distribución, etc. Boston, E.U.A. :
Nombre del editor, distribuidor, etc. Silver Platter,
Fecha de publicación, distribución, etc. 1991
300 ## - DESCRIPCIÓN FÍSICA
Extensión 1 archivo de datos
500 ## - NOTA GENERAL
Nota general No se conoce el tamaño de los archivos
500 ## - NOTA GENERAL
Nota general Disponible en el Departamento de Documentación
650 #4 - ASIENTO SECUNDARIO DE MATERIA - TERMINO TEMATICO
Término de materia o nombre geográfico como elemento de entrada Educación
Subdivisión de forma Publicaciones periódicas
9 (RLIN) 16004
710 2# - ASIENTO SECUNDARIO - NOMBRE CORPORATIVO
Nombre de entidad corporativa o nombre de jurisdicción como elemento de entrada Educational Resources Information Center
904 ## - ELEMENTOS DE DATOS D LOCAL, LDD (RLIN)
a AC
b 020461
905 ## - TIPO DE MATERIAL
Tipo de material Libro
Holdings
Estado de retiro Estado de pérdida Fuente del sistema de clasificación o colocación Estado dañado No para préstamo Código de colección Localización permanente Ubicación/localización actual Ubicación en estantería Enumeración/cronología de publicación seriada Total de préstamos Clasificación Código de barras Fecha visto por última vez Número de copia Tipo de ítem Koha
    Library of Congress Classification   Consulta Consulta Bib. Gregorio Torres Quintero Bib. Gregorio Torres Quintero Sala de lectura Sótano -   L10 E75 1991 92671 31/12/2020 1 Libro